| 000 | 00678nam a2200229Ia 4500 | ||
|---|---|---|---|
| 008 | 180523s9999 xx 000 0 und d | ||
| 020 | _a0-07-140583-6 | ||
| 050 | _aMAIN TH 9119 | ||
| 050 | _b.C65 2003 | ||
| 100 | _aColeman, Ronny J. | ||
| 245 | 0 | _aOpportunities in fire protection services careers / | |
| 245 | 0 | _cRonny J. Coleman. | |
| 250 | _aRevised Edition | ||
| 260 | _aNew York : | ||
| 260 | _bVGM Career Books, | ||
| 260 | _c2003 | ||
| 300 | _a158 pages : | ||
| 300 | _c19 cm. | ||
| 500 | _aIncludes bibliographical references. | ||
| 650 | _aFire prevention -- Vocational guidance. | ||
| 650 | _xFire prevention -- United States -- Vocational guidance. | ||
| 999 |
_c357697 _d357697 |
||